Statistics for World Capitals by First Two Letters in 90 Seconds

Click here to take the quiz!

General Stats

  • This quiz has been taken 211,497 times
  • The average score is 99 of 196

Answer Stats

CountryCapital City% Correct
ChinaBeijing
90%
LebanonBeirut
90%
SerbiaBelgrade
90%
BelizeBelmopan
90%
GermanyBerlin
90%
SwitzerlandBern
90%
South AfricaPretoria, Cape Town
or Bloemfontein
87%
Federated States of
Micronesia
Palikir
84%
PanamaPanama City
84%
SurinameParamaribo
84%
FranceParis
84%
GrenadaSaint George's
82%
Antigua and BarbudaSaint John's
82%
BeninPorto-Novo or
Cotonou
80%
KiribatiSouth Tarawa
79%
RomaniaBucharest
78%
HungaryBudapest
78%
ArgentinaBuenos Aires
78%
SomaliaMogadishu
78%
MonacoMonaco
78%
LiberiaMonrovia
78%
UruguayMontevideo
78%
ComorosMoroni
78%
RussiaMoscow
78%
BrazilBrasília
77%
SlovakiaBratislava
77%
Republic of the CongoBrazzaville
77%
BarbadosBridgetown
77%
BelgiumBrussels
77%
YemenSana'a
76%
Costa RicaSan José
76%
San MarinoSan Marino
76%
El SalvadorSan Salvador
76%
ChileSantiago
76%
Dominican
Republic
Santo Domingo
76%
São Tomé and PríncipeSão Tomé
76%
Bosnia and
Herzegovina
Sarajevo
76%
SpainMadrid
74%
Marshall IslandsMajuro
74%
Equatorial GuineaMalabo
74%
MaldivesMalé
74%
NicaraguaManagua
74%
BahrainManama
74%
PhilippinesManila
74%
MozambiqueMaputo
74%
LesothoMaseru
74%
AustriaVienna
72%
GabonLibreville
71%
MalawiLilongwe
71%
PeruLima
71%
PortugalLisbon
71%
PolandWarsaw
71%
United StatesWashington D.C.
71%
AndorraAndorra
la Vella
69%
TurkeyAnkara
69%
MadagascarAntananarivo
69%
GuineaConakry
69%
DenmarkCopenhagen
69%
TogoLomé
69%
United KingdomLondon
69%
SeychellesVictoria
67%
LaosVientiane
67%
LithuaniaVilnius
67%
IraqBaghdad
65%
AzerbaijanBaku
65%
MaliBamako
65%
BruneiBandar Seri
Begawan
65%
ThailandBangkok
65%
Central African
Republic
Bangui
65%
GambiaBanjul
65%
Saint Kitts and NevisBasseterre
65%
ItalyRome
65%
DominicaRoseau
65%
BulgariaSofia
65%
FinlandHelsinki
64%
BelarusMinsk
64%
AlbaniaTirana
64%
EgyptCairo
63%
AustraliaCanberra
63%
VenezuelaCaracas
63%
Saint LuciaCastries
63%
TaiwanTaipei
63%
EstoniaTallinn
63%
UzbekistanTashkent
63%
IrelandDublin
62%
TajikistanDushanbe
62%
GreeceAthens
60%
Czech RepublicPrague
59%
Cape VerdePraia
59%
KosovoPristina
59%
IcelandReykjavík
59%
LatviaRiga
55%
Saudi ArabiaRiyadh
55%
JordanAmman
54%
NetherlandsAmsterdam
54%
BoliviaLa Paz or Sucre
53%
AngolaLuanda
52%
ZambiaLusaka
52%
LuxembourgLuxembourg
52%
LiechtensteinVaduz
52%
MaltaValletta
52%
Vatican CityVatican City
52%
CroatiaZagreb
51%
AfghanistanKabul
50%
UgandaKampala
50%
NepalKathmandu
50%
JapanTokyo
50%
UkraineKyiv
47%
IndiaNew Delhi
47%
NorwayOslo
47%
ColombiaBogotá
45%
RwandaKigali
45%
JamaicaKingston
45%
Saint Vincent and the
Grenadines
Kingstown
45%
Democratic Republic
of the Congo
Kinshasa
45%
MontenegroPodgorica
45%
HaitiPort-au-Prince
45%
MauritiusPort Louis
45%
Papua New
Guinea
Port Moresby
45%
Trinidad and TobagoPort-of-Spain
45%
VanuatuPort Vila
45%
SwedenStockholm
45%
PalauNgerulmud
44%
HondurasTegucigalpa
44%
IranTehran
44%
MexicoMexico City
43%
KazakhstanAstana
42%
NigerNiamey
37%
CyprusNicosia
37%
TurkmenistanAshgabat
36%
EritreaAsmara
36%
ParaguayAsunción
36%
BurundiGitega
36%
KenyaNairobi
36%
BahamasNassau
36%
MyanmarNaypyidaw
36%
AlgeriaAlgiers
35%
SenegalDakar
35%
SyriaDamascus
35%
South KoreaSeoul
35%
VietnamHanoi
34%
ZimbabweHarare
34%
CubaHavana
34%
IndonesiaJakarta
34%
KyrgyzstanBishkek
30%
Guinea-BissauBissau
30%
East TimorDili
30%
MoldovaChișinău
29%
CanadaOttawa
29%
SingaporeSingapore
28%
TanzaniaDodoma
27%
QatarDoha
27%
GuyanaGeorgetown
27%
IsraelJerusalem
27%
MalaysiaKuala Lumpur
27%
KuwaitKuwait City
27%
EcuadorQuito
26%
BangladeshDhaka
25%
OmanMuscat
25%
North MacedoniaSkopje
25%
United Arab
Emirates
Abu Dhabi
24%
NigeriaAbuja
24%
ArmeniaYerevan
24%
MoroccoRabat
23%
Sri LankaSri
Jayawardenepura
Kotte
23%
FijiSuva
23%
New ZealandWellington
22%
GuatemalaGuatemala City
21%
SloveniaLjubljana
21%
TunisiaTunis
21%
BotswanaGaborone
20%
MauritaniaNouakchott
20%
GeorgiaTbilisi
20%
BhutanThimphu
20%
CambodiaPhnom Penh
19%
EthiopiaAddis Ababa
17%
Solomon IslandsHoniara
17%
PakistanIslamabad
17%
TongaNukuʻalofa
16%
North KoreaPyongyang
15%
GhanaAccra
14%
NamibiaWindhoek
14%
Ivory CoastYamoussoukro
13%
CameroonYaoundé
13%
NauruYaren
13%
LibyaTripoli
12%
MongoliaUlaanbaatar
12%
SamoaApia
10%
TuvaluFunafuti
9%
South SudanJuba
9%
DjiboutiDjibouti
8%
Sierra LeoneFreetown
8%
Burkina FasoOuagadougou
8%
ChadN'Djamena
6%
SudanKhartoum
5%
EswatiniMbabane
4%

Score Distribution

Percentile by Number Answered

Percent of People with Each Score

Your Score History

You have not taken this quiz